[Event "Paris ch 2005"]
[Site "Paris FRA"]
[Date "2005.07.11"]
[Round "3.21"]
[White "Leconte, Maria"]
[Black "Philippe, Christophe"]
[Result "0-1"]
[WhiteElo "2296"]
[BlackElo "2411"]
[PlyCount "114"]
[EventDate "2005.07.09"]
[EventType "swiss"]
[EventRounds "9"]
[EventCountry "FRA"]
[Source "lmi"]
[SourceDate "2005.07.17"]

1. e4 d5 2. exd5 Nf6 3. Bb5+ Nbd7 4. Nf3 Nxd5 5. d4 c6 6. Be2 g6 7. c4 N5f6 8.
Nc3 Bg7 9. O-O O-O 10. h3 Qc7 11. Be3 Rd8 12. Qb3 e5 13. d5 e4 14. Ng5 Re8 15.
d6 Qxd6 16. Nxf7 Qe7 17. c5 Rf8 18. Ng5+ Kh8 19. Ne6 Re8 20. Nxg7 Kxg7 21. Rac1
h6 22. Bd4 Kh7 23. Nd1 Nd5 24. Qg3 Qg5 25. Qxg5 hxg5 26. Re1 Ne5 27. Nc3 Nf4
28. Nxe4 Kh6 29. Nd6 Nxe2+ 30. Rxe2 Nf3+ 31. gxf3 Rxe2 32. Kg2 Bf5 33. Rh1 Rf8
34. Kg3 Be6 35. h4 g4 36. fxg4 Bd5 37. Rh3 Re1 38. f4 Rf1 39. f5 gxf5 40. Nxf5+
Kh7 41. h5 Rf3+ 42. Kh2 Rf4 43. Re3 R8xf5 44. gxf5 Rxd4 45. Re7+ Kh6 46. Rxb7
Rf4 47. Rxa7 Kxh5 48. b3 Rxf5 49. Ra4 Rf2+ 50. Kg3 Rf3+ 51. Kh2 Rc3 52. Ra5 Kg4
53. Ra4+ Kf3 54. Ra5 Kf2 55. Ra8 Bf3 56. Rd8 Rxc5 57. Rd2+ Be2 0-1

[Event "Paris ch 2005"]
[Site "Paris FRA"]
[Date "2005.07.11"]
[Round "3.23"]
[White "Spielmann, Alain"]
[Black "Calistri, Tristan"]
[Result "1-0"]
[WhiteElo "2283"]
[BlackElo "2389"]
[PlyCount "67"]
[EventDate "2005.07.09"]
[EventType "swiss"]
[EventRounds "9"]
[EventCountry "FRA"]
[Source "lmi"]
[SourceDate "2005.07.17"]

1. Nf3 Nf6 2. c4 g6 3. Nc3 Bg7 4. e4 d6 5. d4 O-O 6. Be2 e5 7. O-O Nc6 8. d5
Ne7 9. b4 a5 10. Ba3 Nd7 11. bxa5 Rxa5 12. Bb4 Ra6 13. a4 Bh6 14. a5 f5 15. Nd2
Kh8 16. Nb3 Nf6 17. c5 fxe4 18. Bxa6 bxa6 19. cxd6 cxd6 20. Re1 Bg4 21. Qc2 Qd7
22. Nxe4 Nxe4 23. Rxe4 Bf5 24. Rae1 Nxd5 25. Bd2 Bxd2 26. Nxd2 Nf4 27. Qa4 Qb7
28. Rxf4 exf4 29. Qxf4 Rd8 30. g4 Qd5 31. Nf3 Rg8 32. h3 Rf8 33. Qh6 Rg8 34.
Re7 1-0

[Event "Paris ch 2005"]
[Site "Paris FRA"]
[Date "2005.07.11"]
[Round "3.24"]
[White "Marzolo, Cyril"]
[Black "Morelle, Ludovic"]
[Result "1-0"]
[WhiteElo "2388"]
[BlackElo "2232"]
[PlyCount "67"]
[EventDate "2005.07.09"]
[EventType "swiss"]
[EventRounds "9"]
[EventCountry "FRA"]
[Source "lmi"]
[SourceDate "2005.07.17"]

1. d4 g6 2. e4 Bg7 3. Nc3 c6 4. f4 d5 5. e5 h5 6. Be3 Nh6 7. Nf3 Bg4 8. Be2 Nf5
9. Bf2 e6 10. O-O Nd7 11. Na4 Bf8 12. b3 b5 13. Nb2 Qb6 14. c4 h4 15. cxd5 cxd5
16. a4 Bxf3 17. Bxf3 Bb4 18. Qd3 Rc8 19. Rac1 O-O 20. axb5 Ba3 21. Na4 Qb8 22.
Rc6 Qb7 23. Rxc8 Rxc8 24. g4 hxg3 25. hxg3 Qc7 26. g4 Ng7 27. Be3 g5 28. f5
Nxe5 29. dxe5 Qxe5 30. Qd2 Bb4 31. Bd4 Qg3+ 32. Qg2 Qd6 33. Qh2 Qd7 34. Qe5 1-0

[Event "Paris ch 2005"]
[Site "Paris FRA"]
[Date "2005.07.11"]
[Round "3.25"]
[White "Draoui, Najib"]
[Black "Demarre, Jacques"]
[Result "1-0"]
[WhiteElo "2374"]
[BlackElo "2221"]
[PlyCount "103"]
[EventDate "2005.07.09"]
[EventType "swiss"]
[EventRounds "9"]
[EventCountry "FRA"]
[Source "lmi"]
[SourceDate "2005.07.17"]

1. e4 e5 2. Nf3 Nc6 3. Bb5 a6 4. Ba4 Nf6 5. d3 b5 6. Bb3 Be7 7. O-O O-O 8. Re1
d6 9. c3 Na5 10. Bc2 c5 11. h3 Re8 12. Nbd2 h6 13. Nf1 Bf8 14. Ne3 g6 15. Nh2
Be6 16. Qf3 Bg7 17. Rd1 d5 18. Bd2 Nc6 19. exd5 Nxd5 20. Bb3 Nxe3 21. Bxe3 Bxb3
22. axb3 Qd6 23. Ng4 h5 24. Nh6+ Bxh6 25. Bxh6 Ne7 26. Bg5 Kg7 27. Qb7 f6 28.
Be3 Reb8 29. Qe4 Nf5 30. d4 Nxe3 31. fxe3 exd4 32. exd4 Re8 33. Qf3 Red8 34.
Kh1 cxd4 35. Rxd4 Qc7 36. Re4 Qf7 37. Rae1 Re8 38. b4 Rxe4 39. Qxe4 Rd8 40. Qc6
Qa7 41. Rf1 Rf8 42. Rd1 Rf7 43. Qd6 g5 44. Kh2 h4 45. Rd4 Re7 46. Qd8 Kf7 47.
Qd5+ Kg7 48. Qc5 Qb8+ 49. Qd6 Qb7 50. b3 Re3 51. c4 bxc4 52. bxc4 1-0

[Event "Paris ch 2005"]
[Site "Paris FRA"]
[Date "2005.07.11"]
[Round "3.26"]
[White "Doucet, Christian"]
[Black "Nguyen, Chi-Minh"]
[Result "0-1"]
[WhiteElo "2277"]
[BlackElo "2371"]
[PlyCount "68"]
[EventDate "2005.07.09"]
[EventType "swiss"]
[EventRounds "9"]
[EventCountry "FRA"]
[Source "lmi"]
[SourceDate "2005.07.17"]

1. d4 e6 2. c4 Nf6 3. Nf3 b6 4. a3 Bb7 5. Nc3 Ne4 6. Nxe4 Bxe4 7. Nd2 Bb7 8. e4
g6 9. Bd3 Bg7 10. Nf3 Nc6 11. Bg5 f6 12. Bd2 Ne7 13. O-O O-O 14. Rc1 d6 15. b4
c6 16. Re1 Qd7 17. Be3 Kh8 18. Qd2 Rad8 19. Bb1 Qe8 20. Rcd1 Bc8 21. a4 g5 22.
Qe2 h6 23. Nd2 Ng6 24. Qh5 Qf7 25. g3 e5 26. dxe5 Nxe5 27. Qxf7 Rxf7 28. f3 Be6
29. Rc1 f5 30. Kg2 fxe4 31. fxe4 Rdf8 32. c5 bxc5 33. bxc5 Ng4 34. Nf1 Rxf1 0-1

[Event "Paris ch 2005"]
[Site "Paris FRA"]
[Date "2005.07.11"]
[Round "3.27"]
[White "Ak Hirawan, Mohd Omar"]
[Black "Boukobza, Adrien"]
[Result "1-0"]
[WhiteElo "2364"]
[BlackElo "2164"]
[PlyCount "81"]
[EventDate "2005.07.09"]
[EventType "swiss"]
[EventRounds "9"]
[EventCountry "FRA"]
[Source "lmi"]
[SourceDate "2005.07.17"]

1. e4 e6 2. d4 d5 3. Nd2 Nf6 4. e5 Nfd7 5. c3 c5 6. Bd3 Nc6 7. Ne2 cxd4 8. cxd4
f6 9. exf6 Nxf6 10. O-O Bd6 11. Nf3 O-O 12. Bg5 Qb6 13. Qd2 Bd7 14. Bh4 Rae8
15. Bg3 Bxg3 16. Nxg3 e5 17. dxe5 Nxe5 18. Nxe5 Rxe5 19. Qf4 Rfe8 20. b3 Bb5
21. Bxb5 Qxb5 22. Rac1 Qd7 23. Qd4 b6 24. Rcd1 Qc8 25. h3 h5 26. Qa4 Qb8 27.
Qh4 Qc8 28. f4 Qc5+ 29. Kh2 Re3 30. Nxh5 Nxh5 31. Qxh5 Re2 32. Rd2 Rxd2 33.
Qxe8+ Qf8 34. Qe5 Qc5 35. Qe6+ Kh7 36. Qf5+ Kg8 37. Re1 Qc6 38. Re7 Qf6 39.
Re8+ Kf7 40. Qd7+ Kg6 41. Re6 1-0

[Event "Paris ch 2005"]
[Site "Paris FRA"]
[Date "2005.07.11"]
[Round "3.28"]
[White "Struk, Jerzy"]
[Black "Goldsztejn, Gildas"]
[Result "1/2-1/2"]
[WhiteElo "2232"]
[BlackElo "2330"]
[PlyCount "93"]
[EventDate "2005.07.09"]
[EventType "swiss"]
[EventRounds "9"]
[EventCountry "FRA"]
[Source "lmi"]
[SourceDate "2005.07.17"]

1. e4 c5 2. Nf3 Nc6 3. c3 d5 4. exd5 Qxd5 5. d4 e6 6. Be2 cxd4 7. cxd4 Nf6 8.
Nc3 Qd6 9. O-O Be7 10. Nb5 Qd8 11. a3 O-O 12. Bd3 b6 13. Bg5 h6 14. Bxh6 gxh6
15. Qc1 Kg7 16. Qxc6 Ba6 17. Qc1 Nd5 18. Qd2 Bb7 19. Ne5 f5 20. Be2 a5 21. Nc3
Rc8 22. Nxd5 Bxd5 23. Rac1 Bf6 24. Rxc8 Qxc8 25. Rc1 Qb7 26. Qc3 Bxe5 27. dxe5
Kh8 28. f3 Rg8 29. Qe3 Qg7 30. Bf1 b5 31. Rc2 b4 32. axb4 axb4 33. Kf2 Ra8 34.
Bc4 Rc8 35. Bd3 Rxc2+ 36. Bxc2 Kg8 37. g3 Qc7 38. Bb3 Bxb3 39. Qxb3 Qc5+ 40.
Kg2 Qxe5 41. Qxb4 Qe2+ 42. Kg1 Qxf3 43. Qd4 Qe2 44. b4 Qb5 45. Qf6 Qb6+ 46. Kg2
Qc6+ 47. Kg1 1/2-1/2

[Event "Paris ch 2005"]
[Site "Paris FRA"]
[Date "2005.07.11"]
[Round "3.29"]
[White "Larrat, Philippe"]
[Black "Meinhardt, Maximilian"]
[Result "0-1"]
[WhiteElo "2195"]
[BlackElo "2324"]
[PlyCount "66"]
[EventDate "2005.07.09"]
[EventType "swiss"]
[EventRounds "9"]
[EventCountry "FRA"]
[Source "lmi"]
[SourceDate "2005.07.17"]

1. e4 c5 2. c3 e6 3. d4 d5 4. exd5 exd5 5. Be3 c4 6. b3 cxb3 7. axb3 Nc6 8. Bd3
Bd6 9. Nd2 Qc7 10. h3 Nge7 11. Qf3 Be6 12. Ne2 Ng6 13. Bxg6 hxg6 14. Bf4 Rh4
15. Bxd6 Qxd6 16. Qg3 Qxg3 17. fxg3 Rh6 18. O-O g5 19. g4 O-O-O 20. Nf3 f6 21.
Nc1 Rhh8 22. Nd3 b6 23. Ra4 Kb8 24. Rfa1 Rhe8 25. Nb4 Nxb4 26. Rxb4 Rc8 27. Rc1
Bd7 28. c4 Kb7 29. c5 b5 30. Ra1 a6 31. Nd2 Re2 32. Nb1 Re1+ 33. Kf2 Rxb1 0-1

[Event "Paris ch 2005"]
[Site "Paris FRA"]
[Date "2005.07.11"]
[Round "3.30"]
[White "Tillet, Louis-Juan"]
[Black "Salaun, Yann"]
[Result "0-1"]
[WhiteElo "2216"]
[BlackElo "2345"]
[PlyCount "72"]
[EventDate "2005.07.09"]
[EventType "swiss"]
[EventRounds "9"]
[EventCountry "FRA"]
[Source "lmi"]
[SourceDate "2005.07.17"]

1. e4 c5 2. Nf3 e6 3. d4 cxd4 4. Nxd4 a6 5. Nc3 b5 6. Bd3 Bb7 7. O-O d6 8. a4
b4 9. Na2 Nf6 10. Qe2 e5 11. Nf3 Nc6 12. c3 bxc3 13. bxc3 Be7 14. Rb1 Na5 15.
Be3 Nd7 16. Nb4 O-O 17. Nd2 Bg5 18. Bxg5 Qxg5 19. Bxa6 Bxa6 20. Nxa6 Rfc8 21.
Rfc1 g6 22. Nb4 Kg7 23. Nd5 Qd8 24. g3 Ra7 25. Qe3 Nc5 26. f4 exf4 27. gxf4 Nc6
28. Nb3 Nxb3 29. Rxb3 Rxa4 30. Rb7 Qh4 31. c4 Ra2 32. Qc3+ Ne5 33. Qg3 Rxc4 34.
Rxc4 Nf3+ 35. Qxf3 Qxh2+ 36. Kf1 Ra1+ 0-1

[Event "Paris ch 2005"]
[Site "Paris FRA"]
[Date "2005.07.11"]
[Round "3.31"]
[White "Elbilia, Jacques"]
[Black "Templier, Nicolas"]
[Result "0-1"]
[WhiteElo "2336"]
[BlackElo "2290"]
[PlyCount "86"]
[EventDate "2005.07.09"]
[EventType "swiss"]
[EventRounds "9"]
[EventCountry "FRA"]
[Source "lmi"]
[SourceDate "2005.07.17"]

1. d4 Nf6 2. c4 e6 3. Nf3 Bb4+ 4. Nbd2 b6 5. a3 Bxd2+ 6. Qxd2 Bb7 7. e3 O-O 8.
b4 d6 9. Be2 Nbd7 10. Bb2 c5 11. O-O Qe7 12. Rfd1 Rfc8 13. dxc5 dxc5 14. b5 Rd8
15. Qc3 Ne8 16. Nd2 a6 17. f3 f6 18. Qc2 Nd6 19. Bd3 Nf8 20. a4 a5 21. Nf1 Rd7
22. Rd2 Re8 23. Rad1 Red8 24. Ng3 Qf7 25. Kf2 Kh8 26. Be2 Ne8 27. f4 Rxd2 28.
Rxd2 Rxd2 29. Qxd2 Qd7 30. Qxd7 Nxd7 31. Nf1 Nd6 32. Bd3 Kg8 33. Nd2 Kf7 34. g4
h6 35. h4 Ba8 36. Bc3 Bb7 37. e4 e5 38. f5 Ke7 39. Ke3 Kf7 40. Nb3 Ke7 41. Nxa5
bxa5 42. Bxa5 Bxe4 43. Be2 Bc2 0-1

[Event "Paris ch 2005"]
[Site "Paris FRA"]
[Date "2005.07.11"]
[Round "3.32"]
[White "Verdier, Patrice"]
[Black "Paredes Galan, Angel"]
[Result "0-1"]
[WhiteElo "2252"]
[BlackElo "2334"]
[PlyCount "104"]
[EventDate "2005.07.09"]
[EventType "swiss"]
[EventRounds "9"]
[EventCountry "FRA"]
[Source "lmi"]
[SourceDate "2005.07.17"]

1. d4 Nf6 2. c4 g6 3. Nc3 d5 4. cxd5 Nxd5 5. e4 Nxc3 6. bxc3 Bg7 7. Bc4 O-O 8.
Ne2 c5 9. Be3 Qc7 10. Rc1 Nc6 11. O-O a6 12. Qd2 b5 13. Bd3 Na5 14. Bh6 Qb6 15.
Qg5 f6 16. Qh4 Nc6 17. Be3 c4 18. Bb1 Qc7 19. d5 Nd8 20. f4 e5 21. dxe6 Nxe6
22. f5 g5 23. Qf2 Nd8 24. Rcd1 Nf7 25. Bd4 Re8 26. Ng3 Bb7 27. Nh5 Ne5 28. Bxe5
Rxe5 29. Qd4 Rae8 30. Qd7 Qc5+ 31. Kh1 R5e7 32. Qd6 Qxd6 33. Rxd6 Kf7 34. Ng3
Rc7 35. Rfd1 Bc6 36. Bc2 Bf8 37. Rd8 Rxd8 38. Rxd8 Rd7 39. Rxd7+ Bxd7 40. Kg1
Ba3 41. Kf2 Ke7 42. Ne2 Kd6 43. Kf3 Ke5 44. Ke3 Bc6 45. Kf3 h5 46. h4 g4+ 47.
Ke3 Bc5+ 48. Kd2 Bf2 49. g3 Bxe4 50. Bxe4 Kxe4 51. Nf4 Bxg3 52. Nxh5 Bxh4 0-1

[Event "Paris ch 2005"]
[Site "Paris FRA"]
[Date "2005.07.11"]
[Round "3.33"]
[White "Paci, Cedric"]
[Black "Rrhioua, Tarik"]
[Result "1-0"]
[WhiteElo "2238"]
[BlackElo "2315"]
[PlyCount "89"]
[EventDate "2005.07.09"]
[EventType "swiss"]
[EventRounds "9"]
[EventCountry "FRA"]
[Source "lmi"]
[SourceDate "2005.07.17"]

1. e4 e6 2. d4 d5 3. Nd2 Nf6 4. e5 Nfd7 5. Bd3 c5 6. c3 Nc6 7. Ne2 cxd4 8. cxd4
f6 9. exf6 Nxf6 10. Nf3 Bd6 11. O-O Qb6 12. b3 e5 13. dxe5 Nxe5 14. Nxe5 Bxe5
15. Be3 Qd6 16. Rc1 Bxh2+ 17. Kh1 Qe5 18. Bb5+ Kf7 19. g3 Bg4 20. f3 Bxg3 21.
fxg4 Qe4+ 22. Kg1 Qxe3+ 23. Kg2 Qe4+ 24. Kxg3 Qxg4+ 25. Kh2 Rhd8 26. Rc7+ Kg8
27. Qd4 Qh5+ 28. Kg2 Qg5+ 29. Kh3 Rd6 30. Qf4 Qh5+ 31. Kg2 Re6 32. Ng3 Qg6 33.
Qf5 Ne4 34. Qf4 Rf6 35. Qe5 Nxg3 36. Rxf6 gxf6 37. Qxg3 a6 38. Bd3 Qxg3+ 39.
Kxg3 Re8 40. Kf4 Re5 41. Bxh7+ Kh8 42. Rxb7 Re2 43. Kf5 Rxa2 44. Kxf6 Re2 45.
Bg6 1-0

[Event "Paris ch 2005"]
[Site "Paris FRA"]
[Date "2005.07.11"]
[Round "3.34"]
[White "Simon, Olivier"]
[Black "Houhou, Olivier"]
[Result "1/2-1/2"]
[WhiteElo "2315"]
[BlackElo "2253"]
[PlyCount "61"]
[EventDate "2005.07.09"]
[EventType "swiss"]
[EventRounds "9"]
[EventCountry "FRA"]
[Source "lmi"]
[SourceDate "2005.07.17"]

1. e4 c5 2. Nf3 b6 3. d4 cxd4 4. Nxd4 Bb7 5. Nc3 a6 6. Bd3 e6 7. O-O Qc7 8. Kh1
d6 9. f4 Nd7 10. a4 Ngf6 11. Qf3 Be7 12. Bd2 O-O 13. Rae1 Rfe8 14. g4 g6 15. g5
Nh5 16. f5 Ne5 17. Qh3 exf5 18. Nxf5 Bf8 19. Be3 Rad8 20. Nd5 Bxd5 21. exd5
Nxd3 22. cxd3 Qb7 23. Qf3 gxf5 24. Qxh5 Qxd5+ 25. Kg1 Bg7 26. Bxb6 Bd4+ 27.
Bxd4 Qxd4+ 28. Kh1 Qd5+ 29. Kg1 Qd4+ 30. Kh1 Qd5+ 31. Kg1 1/2-1/2

[Event "Paris ch 2005"]
[Site "Paris FRA"]
[Date "2005.07.11"]
[Round "3.35"]
[White "Gonzalez Diaz, Julio"]
[Black "Zozulia, Anna"]
[Result "1/2-1/2"]
[WhiteElo "2237"]
[BlackElo "2314"]
[PlyCount "123"]
[EventDate "2005.07.09"]
[EventType "swiss"]
[EventRounds "9"]
[EventCountry "FRA"]
[Source "lmi"]
[SourceDate "2005.07.17"]

1. d4 Nf6 2. g3 g6 3. Bg2 Bg7 4. e4 d6 5. Ne2 O-O 6. Nbc3 c6 7. a4 Qc7 8. h3 e5
9. Be3 Nbd7 10. O-O Re8 11. g4 exd4 12. Bxd4 Nc5 13. Ng3 Ne6 14. Be3 b6 15. Qd2
Bb7 16. Rad1 d5 17. exd5 Nxd5 18. Nxd5 cxd5 19. c3 Rad8 20. Ne2 Qc4 21. a5 bxa5
22. Rfe1 Nc5 23. Nd4 Ne4 24. Qc1 a4 25. Bf1 Qc8 26. Bb5 Rf8 27. Bxa4 h5 28. f3
Nc5 29. Bc2 Rde8 30. Bh6 Qc7 31. Kg2 h4 32. Qf4 Be5 33. Rxe5 Qxe5 34. Qxe5 Rxe5
35. Bxf8 Kxf8 36. Kf2 Ne6 37. Nxe6+ Rxe6 38. Rd2 Rb6 39. Bd1 a5 40. Ke3 Ke7 41.
Kd4 Kd6 42. f4 Ba6 43. Be2 a4 44. Bxa6 Rxa6 45. c4 Ra5 46. Kc3 a3 47. bxa3
Rxa3+ 48. Kb4 Rxh3 49. Rxd5+ Kc6 50. Rc5+ Kd7 51. Rd5+ Ke7 52. c5 Rh1 53. Rd2
h3 54. Kc4 Rc1+ 55. Kb5 Rh1 56. Kc6 h2 57. Rd7+ Ke6 58. Rd6+ Ke7 59. Rd7+ Ke8
60. Rd2 Ke7 61. Rd7+ Ke6 62. Rd6+ 1/2-1/2

[Event "Paris ch 2005"]
[Site "Paris FRA"]
[Date "2005.07.11"]
[Round "3.36"]
[White "Becker, Martin"]
[Black "Dudognon, Marc"]
[Result "1/2-1/2"]
[WhiteElo "2310"]
[BlackElo "2227"]
[PlyCount "103"]
[EventDate "2005.07.09"]
[EventType "swiss"]
[EventRounds "9"]
[EventCountry "FRA"]
[Source "lmi"]
[SourceDate "2005.07.17"]

1. e4 c5 2. Nf3 d6 3. d4 cxd4 4. Nxd4 Nf6 5. Nc3 a6 6. Be3 e6 7. f3 Be7 8. Qd2
O-O 9. g4 b5 10. O-O-O Qc7 11. g5 Nfd7 12. h4 b4 13. Nce2 Ne5 14. Qxb4 Bb7 15.
Qc3 Qd7 16. Ng3 Rc8 17. Qd2 Qa4 18. Kb1 d5 19. f4 Nc4 20. Bxc4 dxc4 21. c3 Nc6
22. Qc2 Qa5 23. h5 Nxd4 24. Bxd4 Bc6 25. Qe2 Rab8 26. Rd2 Ba4 27. g6 Bb3 28.
axb3 cxb3 29. Qd3 Rb4 30. Rdd1 Rxd4 31. Qxd4 Rd8 32. gxf7+ Kxf7 33. Ne2 Rxd4
34. Nxd4 Qa2+ 35. Kc1 Qa1+ 36. Kd2 Qxb2+ 37. Kd3 Qf2 38. Kc4 b2 39. Kb3 a5 40.
Rb1 a4+ 41. Kxa4 Qe3 42. Kb3 Qxe4 43. Kxb2 Qb7+ 44. Kc2 Qe4+ 45. Kb3 Bc5 46.
Rbd1 Bxd4 47. cxd4 Qd5+ 48. Kc3 Qf3+ 49. Kc4 Qd5+ 50. Kc3 Qf3+ 51. Kc4 Qd5+ 52.
Kc3 1/2-1/2

[Event "Paris ch 2005"]
[Site "Paris FRA"]
[Date "2005.07.11"]
[Round "3.37"]
[White "Lamorelle, Julien"]
[Black "Schlawin, Marlon"]
[Result "0-1"]
[WhiteElo "2202"]
[BlackElo "2302"]
[PlyCount "120"]
[EventDate "2005.07.09"]
[EventType "swiss"]
[EventRounds "9"]
[EventCountry "FRA"]
[Source "lmi"]
[SourceDate "2005.07.17"]

1. e4 e6 2. d4 d5 3. e5 c5 4. c3 Nc6 5. Nf3 Bd7 6. a3 f6 7. Bb5 Qc7 8. Bf4
O-O-O 9. O-O h6 10. c4 Nxd4 11. Bxd7+ Rxd7 12. Nc3 dxc4 13. Nd2 g5 14. Be3 fxe5
15. Qa4 Ne7 16. Bxd4 exd4 17. Nb5 Qb6 18. Nxa7+ Kd8 19. Nb5 Qa6 20. Qxc4 Nd5
21. Rfe1 Be7 22. a4 Re8 23. Nb3 Rc7 24. Re5 Rc6 25. Rae1 Nb6 26. Qe2 Qxa4 27.
N3xd4 cxd4 28. Nxd4 Bf6 29. Nxc6+ Qxc6 30. Rxe6 Rxe6 31. Qxe6 Qxe6 32. Rxe6 Nd7
33. b3 Bg7 34. h4 gxh4 35. Kh2 Nc5 36. Re3 b5 37. Kh3 Bd4 38. Rf3 b4 39. Rf5
Nxb3 40. Rb5 Bc3 41. f4 Nd4 42. Rc5 Ke7 43. Kxh4 Kd6 44. Rh5 b3 45. Rxh6+ Kc5
46. Kg5 Nc2 47. Rh1 Ne1 48. Rh7 b2 49. Rc7+ Kb6 50. Rxc3 b1=Q 51. g4 Qd1 52.
Re3 Nf3+ 53. Kh5 Qd2 54. Re6+ Kc7 55. Rf6 Qd5+ 56. g5 Kd7 57. Kg6 Ke7 58. Kh5
Nd4 59. Kg6 Qe4+ 60. Kg7 Ne6+ 0-1

[Event "Paris ch 2005"]
[Site "Paris FRA"]
[Date "2005.07.11"]
[Round "3.38"]
[White "Montabord, Manuel"]
[Black "Guadalpi, David"]
[Result "0-1"]
[WhiteElo "2200"]
[BlackElo "2300"]
[PlyCount "106"]
[EventDate "2005.07.09"]
[EventType "swiss"]
[EventRounds "9"]
[EventCountry "FRA"]
[Source "lmi"]
[SourceDate "2005.07.17"]

1. e4 c5 2. Nf3 d6 3. Bc4 Nf6 4. d3 Nc6 5. c3 Bg4 6. Nbd2 e6 7. Bb3 Be7 8. O-O
Qc7 9. Qe2 h6 10. a3 Nd7 11. Qe3 Nde5 12. Nxe5 dxe5 13. Qg3 Bh5 14. Ba4 O-O-O
15. Re1 g5 16. Nc4 f6 17. b4 Bf7 18. Qe3 h5 19. bxc5 Na5 20. Nd6+ Bxd6 21. cxd6
Rxd6 22. Bb2 Rhd8 23. Bc2 Qb6 24. Qxb6 Rxb6 25. Rab1 Be8 26. Bc1 Rxb1 27. Bxb1
Bb5 28. Rd1 Ba4 29. Re1 Bb5 30. Rd1 Rd6 31. Bc2 Kc7 32. Kf1 b6 33. Ke2 Nb7 34.
a4 Ba6 35. Ba3 Rd7 36. Bb3 Nd8 37. h4 gxh4 38. Bc2 f5 39. Kf3 Nf7 40. Ke3 Ng5
41. f3 fxe4 42. fxe4 Rf7 43. Bb3 h3 44. gxh3 Rf3+ 45. Kd2 Bxd3 46. Rg1 Nxe4+
47. Kc1 Ng3 48. Re1 e4 49. Bxe6 Rf2 50. c4 Rc2+ 51. Kd1 Ra2 52. Bf8 Ra1+ 53.
Kd2 Nf1+ 0-1

[Event "Paris ch 2005"]
[Site "Paris FRA"]
[Date "2005.07.11"]
[Round "3.39"]
[White "Guerin, Francois"]
[Black "Roos, Jean-Luc"]
[Result "0-1"]
[WhiteElo "2171"]
[BlackElo "2285"]
[PlyCount "72"]
[EventDate "2005.07.09"]
[EventType "swiss"]
[EventRounds "9"]
[EventCountry "FRA"]
[Source "lmi"]
[SourceDate "2005.07.17"]

1. e4 e6 2. d4 d5 3. Nd2 Nf6 4. e5 Nfd7 5. Bd3 c5 6. c3 Nc6 7. Ne2 Qb6 8. Nf3
cxd4 9. cxd4 f6 10. exf6 Nxf6 11. O-O Bd6 12. a3 O-O 13. b4 e5 14. dxe5 Nxe5
15. Nxe5 Bxe5 16. Be3 Qd8 17. Bd4 Bxh2+ 18. Kxh2 Ng4+ 19. Kg3 h5 20. Rh1 Qg5
21. f4 Rxf4 22. Rxh5 Qxh5 23. Nxf4 Qh2+ 24. Kf3 Nh6 25. Qa4 Bg4+ 26. Ke3 Qg3+
27. Kd2 Qxf4+ 28. Be3 Qg3 29. Rf1 d4 30. Bxd4 Rd8 31. Qxa7 Qxg2+ 32. Rf2 Qd5
33. Kc3 Be6 34. Rb2 Nf5 35. Bxf5 Qc4+ 36. Kd2 Bxf5 0-1

[Event "Paris ch 2005"]
[Site "Paris FRA"]
[Date "2005.07.11"]
[Round "3.40"]
[White "Le Quang, Kim"]
[Black "Lepan, Marvin"]
[Result "0-1"]
[WhiteElo "2330"]
[BlackElo "2217"]
[PlyCount "102"]
[EventDate "2005.07.09"]
[EventType "swiss"]
[EventRounds "9"]
[EventCountry "FRA"]
[Source "lmi"]
[SourceDate "2005.07.17"]

1. c4 e5 2. g3 f5 3. Bg2 Nf6 4. Nc3 c6 5. d4 e4 6. Bg5 Be7 7. Nh3 O-O 8. Nf4 h6
9. Bxf6 Bxf6 10. e3 d6 11. O-O Qe8 12. b4 Na6 13. Rb1 Nc7 14. b5 g5 15. Nh5 Bh8
16. bxc6 bxc6 17. g4 fxg4 18. Ng3 d5 19. Qa4 Ba6 20. Rfc1 Bxc4 21. Ncxe4 Bb5
22. Qa5 Qe7 23. Nc5 Rac8 24. a4 Bc4 25. Rb7 Qf7 26. Qd2 h5 27. Rxa7 h4 28. Nf1
Bf6 29. Rb7 Be7 30. Nd7 Bd6 31. Nb6 Bxf1 32. Rxf1 h3 33. Bh1 Rcd8 34. Qe2 Qf5
35. Rc1 Rf7 36. a5 Rdf8 37. Rc2 g3 38. hxg3 g4 39. e4 h2+ 40. Kxh2 Qh5+ 41. Kg1
Rh7 42. Bg2 Bxg3 43. Qd3 Bxf2+ 44. Rxf2 Qh2+ 45. Kf1 Rxf2+ 46. Kxf2 Rf7+ 47.
Ke1 Qxg2 48. Qe2 Qg1+ 49. Kd2 Qxd4+ 50. Kc1 Qg1+ 51. Kd2 Rf2 0-1

[Event "Paris ch 2005"]
[Site "Paris FRA"]
[Date "2005.07.11"]
[Round "3.41"]
[White "Govciyan, Pavel"]
[Black "Vasilescu, Victor"]
[Result "1-0"]
[WhiteElo "2328"]
[BlackElo "2208"]
[PlyCount "77"]
[EventDate "2005.07.09"]
[EventType "swiss"]
[EventRounds "9"]
[EventCountry "FRA"]
[Source "lmi"]
[SourceDate "2005.07.17"]

1. d4 g6 2. e4 Bg7 3. Nc3 d6 4. Be3 a6 5. h3 Nd7 6. f4 b5 7. Nf3 Bb7 8. e5 e6
9. Bf2 Rc8 10. Bh4 Bxf3 11. Qxf3 Qxh4+ 12. g3 Qd8 13. d5 Ne7 14. dxe6 fxe6 15.
O-O-O d5 16. h4 c5 17. h5 b4 18. Ne2 Qb6 19. g4 Rf8 20. Qg3 c4 21. hxg6 hxg6
22. Nd4 Nc5 23. Rh7 Rg8 24. f5 gxf5 25. Qh4 Nd3+ 26. Rxd3 cxd3 27. gxf5 exf5
28. Bxd3 Rc4 29. Bxc4 dxc4 30. Qh5+ Qg6 31. Qh1 Qg5+ 32. Kb1 Kf7 33. e6+ Kg6
34. Nf3 Qg4 35. Ne5+ Kf6 36. Nxg4+ fxg4 37. Qh4+ Kxe6 38. Qxg4+ Nf5 39. Qxc4+
1-0

[Event "Paris ch 2005"]
[Site "Paris FRA"]
[Date "2005.07.11"]
[Round "3.42"]
[White "Zharkov, Hleb"]
[Black "Peyrat, Olivier"]
[Result "0-1"]
[WhiteElo "2219"]
[BlackElo "2265"]
[PlyCount "136"]
[EventDate "2005.07.09"]
[EventType "swiss"]
[EventRounds "9"]
[EventCountry "FRA"]
[Source "lmi"]
[SourceDate "2005.07.17"]

1. d4 d5 2. Nf3 Nf6 3. e3 c5 4. c4 cxd4 5. exd4 e6 6. Nc3 Be7 7. Bd3 O-O 8. O-O
dxc4 9. Bxc4 Nc6 10. Be3 Nb4 11. Ne5 Bd7 12. a3 Nbd5 13. Qe2 Rc8 14. Rfd1 a6
15. Nxd5 Nxd5 16. Qf3 Bb5 17. Bb3 Bc6 18. Rac1 Qb6 19. Bxd5 Bxd5 20. Qg3 Qxb2
21. Bh6 g6 22. Rb1 Qxa3 23. Bxf8 Qxg3 24. hxg3 Rxf8 25. Nd7 Rd8 26. Nc5 Bxc5
27. dxc5 Rc8 28. Rdc1 h5 29. f3 Kf8 30. Kf2 Ke7 31. Ke3 Ra8 32. Ra1 Kd7 33. Ra5
Kc6 34. Kf4 f6 35. Ke3 Rd8 36. Rd1 Rd7 37. Rc1 Kc7 38. Rd1 Kc6 39. Rc1 Rc7 40.
Rc3 Kd7 41. Ra4 Ke7 42. Kd2 Rd7 43. Rd3 Rc7 44. Rc3 Kf7 45. Rh4 Kg7 46. g4 hxg4
47. Rxg4 Rc8 48. Rh4 g5 49. Rg4 Kf7 50. Rc1 Rh8 51. Rf1 Rh2 52. f4 gxf4 53.
Rfxf4 Rxg2+ 54. Rxg2 Bxg2 55. Ke3 e5 56. Rf2 Bc6 57. Rd2 Ke6 58. Rd6+ Kf5 59.
Kd3 a5 60. Ke3 a4 61. Rd8 Ke6 62. Rh8 f5 63. Rd8 f4+ 64. Kf2 e4 65. Rf8 Ke5 66.
Rf7 a3 67. Rf8 e3+ 68. Ke2 Ke4 0-1

[Event "Paris ch 2005"]
[Site "Paris FRA"]
[Date "2005.07.11"]
[Round "3.43"]
[White "Badii, Madjid"]
[Black "Leroux, Richard"]
[Result "1-0"]
[WhiteElo "2257"]
[BlackElo "2200"]
[PlyCount "61"]
[EventDate "2005.07.09"]
[EventType "swiss"]
[EventRounds "9"]
[EventCountry "FRA"]
[Source "lmi"]
[SourceDate "2005.07.17"]

1. e4 c5 2. Nf3 Nc6 3. d4 cxd4 4. Nxd4 Nf6 5. Nc3 e5 6. Ndb5 d6 7. Bg5 a6 8.
Na3 b5 9. Nd5 Be7 10. Bxf6 Bxf6 11. c3 Bg5 12. Nc2 Rb8 13. b4 Be6 14. a4 Bxd5
15. exd5 Ne7 16. axb5 axb5 17. Ra5 Qc7 18. Bxb5+ Rxb5 19. Rxb5 Qxc3+ 20. Kf1
O-O 21. h4 Bh6 22. Rh3 Qb2 23. g4 Rc8 24. g5 Rxc2 25. Rb8+ Nc8 26. Rb3 Qc1 27.
Qxc1 Rxc1+ 28. Kg2 Bxg5 29. hxg5 f5 30. b5 Kf7 31. b6 1-0